| 000 | 00381nam a22001337a 4500 | ||
|---|---|---|---|
| 082 | _aT-210 | ||
| 100 |
_aMirza Muhammad Shahzad Baig _951008 |
||
| 245 | _aExperimental study on bagasse ash and marble waste in concrete | ||
| 260 |
_aRisalpur, _bMCE, _c2016. |
||
| 300 |
_a87p. _c28cm. |
||
| 526 |
_a0 _b0 _c0 _dT_210 |
||
| 700 |
_aDr Muhammad Maqbool Sadiq _931108 |
||
| 942 |
_2ddc _cBK |
||
| 999 |
_c553742 _d553742 |
||